טוען...

The question of Palestine /

מידע ביבליוגרפי
מחבר ראשי: Said, Edward W.
פורמט: Printed Book
יצא לאור: New York : Vintage Books, 1992.
נושאים:
LEADER 00634fam a2200169 a 4500
020 |a 0679739882 : 
082 0 0 |a 327.569 401 7  |b SAI/Q 
100 1 |a Said, Edward W. 
245 1 4 |a The question of Palestine / 
260 |a New York :  |b Vintage Books,  |c 1992. 
300 |a xlv, 273 p. ; 
500 |a Originally published: New York : Times Books, c1979. With new introd. and epilogue. 
650 0 |a Jewish-Arab relations. 
650 0 |a Palestinian Arabs. 
942 |c BK 
999 |c 99740  |d 99740 
952 |0 0  |1 0  |4 0  |6 327_569000000000000_401_7_SAI_Q  |7 0  |9 93001  |a SSS  |b SSS  |c GEN  |d 2012-02-24  |g 255.00  |l 0  |o 327.569 401 7 SAI/Q  |p SSS00635  |r 2012-02-24  |w 2016-10-27  |y BK